Programming & research : (Record no. 30808)
[ view plain ]
| 000 -LEADER | |
|---|---|
| fixed length control field | 01588cam a2200349 i 4500 |
| 001 - CONTROL NUMBER | |
| control field | 13194447 |
| 003 - CONTROL NUMBER IDENTIFIER | |
| control field | EG-ScBUE |
| 005 - DATE AND TIME OF LATEST TRANSACTION | |
| control field | 20240819104527.0 |
| 008 - FIXED-LENGTH DATA ELEMENTS--GENERAL INFORMATION | |
| fixed length control field | 161020r20222017nyua f b 001 0 eng d |
| 020 ## - INTERNATIONAL STANDARD BOOK NUMBER | |
| International Standard Book Number | 9781628929546 |
| 035 ## - SYSTEM CONTROL NUMBER | |
| System control number | (DLC) 2016042720 |
| 035 ## - SYSTEM CONTROL NUMBER | |
| System control number | 13194447 |
| 040 ## - CATALOGING SOURCE | |
| Original cataloging agency | DLC |
| Language of cataloging | eng |
| Description conventions | rda |
| Transcribing agency | DLC |
| Modifying agency | OCLCF |
| -- | YDX |
| -- | OCLCQ |
| -- | YDX |
| -- | OCLCO |
| -- | UBY |
| -- | EG-ScBUE |
| 082 04 - DEWEY DECIMAL CLASSIFICATION NUMBER | |
| Edition number | 22 |
| Classification number | 747.023 |
| Item number | BOT |
| 100 1# - MAIN ENTRY--PERSONAL NAME | |
| Personal name | Botti-Salitsky, Rose Mary, |
| Relator term | author. |
| 245 10 - TITLE STATEMENT | |
| Title | Programming & research : |
| Remainder of title | skills and techniques for interior designers / |
| Statement of responsibility, etc | Rose Mary Botti-Salitsky, PhD, ASID, IIDA, Mount IDA College. |
| 246 3# - VARYING FORM OF TITLE | |
| Title proper/short title | Programming and research |
| 250 ## - EDITION STATEMENT | |
| Edition statement | Second edition. |
| 250 ## - EDITION STATEMENT | |
| Edition statement | Reprint edition. |
| 264 #1 - PUBLICATION, DISTRIBUTION, ETC. (IMPRINT) | |
| Place of publication, distribution, etc | New York, NY : |
| Name of publisher, distributor, etc | Fairchild Books, an imprint of Bloomsbury Publishing, |
| Date of publication, distribution, etc | 2022. |
| 300 ## - PHYSICAL DESCRIPTION | |
| Extent | xiv, 306 pages : |
| Other physical details | illustrations (black and white) ; |
| Dimensions | 28 cm |
| 336 ## - CONTENT TYPE | |
| Content type term | text |
| Content type code | txt |
| Source | rdacontent |
| 336 ## - CONTENT TYPE | |
| Content type term | still image |
| Content type code | sti |
| Source | rdacontent |
| 336 ## - CONTENT TYPE | |
| Content type term | cartographic image |
| Content type code | cri |
| Source | rdacontent |
| 337 ## - MEDIA TYPE | |
| Media type term | unmediated |
| Media type code | n |
| Source | rdamedia |
| 338 ## - CARRIER TYPE | |
| Carrier type term | volume |
| Carrier type code | nc |
| Source | rdacarrier |
| 504 ## - BIBLIOGRAPHY, ETC. NOTE | |
| Bibliography, etc | Includes bibliographical references and index. |
| 505 0# - FORMATTED CONTENTS NOTE | |
| Formatted contents note | What is programing? -- The process of design -- Defining a topic and structuring your program document -- Research methods -- Historical, observational, and interactive research -- Exterior, interior, and site analysis -- Precedent studies -- Generating the program -- Written and visual analysis -- Challenging your thinking. |
| 650 #7 - SUBJECT ADDED ENTRY--TOPICAL TERM | |
| Topical term or geographic name as entry element | Interior decoration |
| Form subdivision | Textbooks. |
| Source of heading or term | BUEsh |
| 655 ## - INDEX TERM--GENRE/FORM | |
| Form subdivision | Reading book |
| 942 ## - ADDED ENTRY ELEMENTS (KOHA) | |
| Source of classification or shelving scheme | Dewey Decimal Classification |
| Koha item type | Book - Borrowing |
| Withdrawn status | Lost status | Source of classification or shelving scheme | Damaged status | Not for loan | Collection code | Home library | Current library | Shelving location | Date acquired | Source of acquisition | Cost, normal purchase price | Serial Enumeration / chronology | Total Checkouts | Total Renewals | Full call number | Barcode | Date last seen | Date checked out | Cost, replacement price | Price effective from | Koha item type |
|---|---|---|---|---|---|---|---|---|---|---|---|---|---|---|---|---|---|---|---|---|---|
| Dewey Decimal Classification | Baccah | Central Library | Central Library | Second Floor | 19/08/2024 | Purchase | 3710.00 | 38409 | 3 | 9 | 747.023 BOT | 000057164 | 17/02/2026 | 15/09/2025 | 4638.00 | 19/08/2024 | Book - Borrowing |